|
|
|
|
| LEADER |
00000cas a2200000 a 4500 |
| 001 |
vtls001223518 |
| 003 |
SK-MaSNL |
| 005 |
20260228163504.0 |
| 008 |
960412d19881994at qr|p r 0 0b0slo |
| 035 |
|
|
|a SNK000169654
|
| 040 |
|
|
|a SNK
|b slo
|c SNK
|e AACR2
|
| 041 |
0 |
|
|a slo
|a eng
|
| 044 |
|
|
|a at
|c AU
|
| 080 |
|
|
|a 050
|2 2001
|
| 245 |
0 |
0 |
|a Bulletin of Slovak Club of S.A. Inc.
|b informačný bulletin Slovenského klubu v Južnej Austrálii
|
| 246 |
1 |
3 |
|a Bulletin of Slovak Club of South Australia inc.
|
| 246 |
1 |
3 |
|a Informačný bulletin Slovenského klubu v Južnej Austrálii
|
| 260 |
|
|
|a Thebarton
|b Slovenský klub v južnej Austrálii
|c 1988, 1994
|
| 310 |
|
|
|a 4x ročne
|b 1994
|
| 321 |
|
|
|a 2x ročne
|b 1988
|
| 362 |
0 |
|
|a Č. 1 (august 1988)-č. 2 (november 1988) ; Č. 1 (1994) - č. 4 (1994)
|z BA001
|
| 500 |
|
|
|a V r. 1988 vyšli iba 2 čísla. Vydávanie časopisu bolo obnovené v r. 1994, kedy boli vydané celkom 4 čísla
|
| 650 |
0 |
7 |
|a Slováci v zahraničí
|2 SNKPH
|9 14695
|
| 655 |
|
7 |
|a krajanské periodiká
|2 SNKPH
|9 110004
|
| 850 |
|
|
|a Slovenská národná knižnica v Martine
|
| 910 |
|
|
|a snk
|
| 999 |
|
|
|c 9558
|d 11488
|
| 952 |
|
|
|0 0
|1 0
|4 0
|7 0
|8 2
|a SNK
|b SNK
|d 1996-11-20
|i snkV 2094/96
|l 0
|o snkČSD 1901/1988 D1
|p 17A0022307
|r 2005-01-01 00:00:00
|w 2026-02-21
|y PREZ
|
| 952 |
|
|
|0 0
|1 0
|4 0
|7 0
|a SNK
|b SNK
|d 2001-06-02
|l 0
|o snkČSD 1901/1994
|p 17A0269985
|r 2005-01-02 00:00:00
|w 2026-02-21
|y PREZ
|
| 952 |
|
|
|0 0
|1 0
|4 0
|7 0
|a SNK
|b SNK
|d 1996-11-20
|l 0
|o snkČSD 1901/1988
|r 2005-01-01 00:00:00
|w 2026-02-21
|y PREZ
|